The land of Goshen and the Exodus /

محفوظ في:

المؤلف الرئيسي: Brown, R.H. 1849-1926 (مؤلف)

التنسيق: كتاب

اللغة: English

منشور في: London : E. Stanford, ltd., 1912.

الطبعة: 2nd ed.

الموضوعات:

الوسوم: إضافة وسم

لا توجد وسوم, كن أول من يضع وسما على هذه التسجيلة!

رقم الطلب: BS1245 .B7 1912

LEADER 00864namaa2200253 4500
001 19871
003 OSt
005 20211031070812.0
008 130303s1912 enkb g 000 0 eng d
952 |0 0  |1 0  |2 lcc  |4 0  |6 BS1245 B7 01912  |7 1  |9 21882  |a ARCE  |b ARCE  |d 2021-10-31  |l 0  |o BS1245 .B7 1912  |p 1004362  |r 2021-10-31 00:00:00  |w 2021-10-31  |y BK 
999 |c 19234  |d 19234 
040 |c ARCE Library 
043 |a f-ua--- 
050 4 |a BS1245 .B7 1912 
100 1 |a Brown, R.H.  |q (Robert Hanbury),  |d 1849-1926,  |e author 
245 1 4 |a The land of Goshen and the Exodus /  |c by Sir Hanbury Brown. 
250 |a 2nd ed. 
264 1 |a London :  |b E. Stanford, ltd.,  |c 1912. 
300 |a 92 p :   |b fold. maps ;   |c 22 cm. 
630 0 0 |a Bible.  |p Exodus  |x Criticism, interpretation, etc. 
650 0 |a Jews  |x History  |y To 953 B.C. 
651 0 |a Goshen, Egypt  |x History. 
901 |a reviewed 
942 |c BK  |2 lcc